[Event "21st European Teams Women"]
[Site "Hersonissos GRE"]
[Date "2017.11.01"]
[Round "5.3"]
[Board "3"]
[White "Galojan, Lilit"]
[Black "Javakhishvili, Lela"]
[Result "0-1"]
[WhiteTitle "IM"]
[BlackTitle "IM"]
[WhiteElo "2291"]
[BlackElo "2438"]
[WhiteTeam "Armenia"]
[BlackTeam "Georgia"]
[WhiteFideId "13301314"]
[BlackFideId "13601458"]
[EventDate "2017.10.28"]

1. d4 d6 2. Nf3 Nf6 3. c4 g6 4. Nc3 Bf5 5. Nh4 Bd7 6. Nf3 Bg7 7. e4 e5 8. Be2
O-O 9. O-O Nc6 10. d5 Ne7 11. Ne1 Ne8 12. Be3 f5 13. f3 f4 14. Bf2 g5 15. c5 Rf6
16. Qb3 b6 17. Nd3 Rg6 18. c6 Bc8 19. a4 a5 20. Nb5 h5 21. h3 Kh8 22. Be1 Ng8
23. Nf2 Nh6 24. Qd1 Nf6 25. Ra3 Qe7 26. Kh2 g4 27. fxg4 hxg4 28. hxg4 Nfxg4+ 29.
Nxg4 Nxg4+ 30. Kg1 Bh6 31. Rh3 Ne3 32. Rxe3 fxe3 33. Bh5 Rg7 34. Qf3 Bf4 35.
Nxc7 Qxc7 36. Bh4 Ba6 37. Bf6 Rf8 38. Bxg7+ Qxg7 39. Qg4 Qxg4 40. Bxg4 Bh2+ 0-1

[Event "21st European Teams Women"]
[Site "Hersonissos GRE"]
[Date "2017.11.01"]
[Round "5.3"]
[Board "4"]
[White "Melia, Salome"]
[Black "Kursova, Maria"]
[Result "1-0"]
[WhiteTitle "IM"]
[BlackTitle "WGM"]
[WhiteElo "2412"]
[BlackElo "2259"]
[WhiteTeam "Georgia"]
[BlackTeam "Armenia"]
[WhiteFideId "13602446"]
[BlackFideId "4129709"]
[EventDate "2017.10.28"]

1. e4 c5 2. Nf3 Nc6 3. Bb5 e6 4. O-O Nge7 5. c3 a6 6. Ba4 b5 7. Bc2 Ng6 8. d4 d6
9. a4 Rb8 10. axb5 axb5 11. dxc5 dxc5 12. Qxd8+ Kxd8 13. Rd1+ Kc7 14. Be3 f6 15.
Nbd2 Be7 16. Nb3 c4 17. Nc5 Rd8 18. Rxd8 Bxd8 19. Nd4 Nf8 20. e5 f5 21. Bd1 Nxe5
22. Ra7+ Kd6 23. Na6 Bxa6 24. Rxa6+ Kd7 25. Ra7+ Kc8 26. Rxg7 b4 27. f4 bxc3 28.
bxc3 Rb1 29. fxe5 Rxd1+ 30. Kf2 f4 31. Bxf4 Ng6 32. Nxe6 Ba5 33. Bg3 Rd2+ 34.
Kf3 Rd3+ 35. Ke4 Rxc3 36. Nc5 Rc1 37. e6 Bd8 38. Ra7 1-0

[Event "21st European Teams Women"]
[Site "Hersonissos GRE"]
[Date "2017.11.01"]
[Round "5.4"]
[Board "2"]
[White "Milliet, Sophie"]
[Black "Zhukova, Natalia"]
[Result "1/2-1/2"]
[WhiteTitle "IM"]
[BlackTitle "GM"]
[WhiteElo "2377"]
[BlackElo "2426"]
[WhiteTeam "France"]
[BlackTeam "Ukraine"]
[WhiteFideId "623725"]
[BlackFideId "14101513"]
[EventDate "2017.10.28"]

1. e4 e5 2. Nf3 Nc6 3. Bb5 a6 4. Ba4 Nf6 5. O-O Be7 6. Re1 b5 7. Bb3 d6 8. c3
O-O 9. h3 Bb7 10. d4 Re8 11. Nbd2 Bf8 12. a4 g6 13. Ng5 Re7 14. axb5 axb5 15.
Rxa8 Qxa8 16. Ndf3 Nd8 17. dxe5 dxe5 18. Re3 Ne8 19. Nh4 Nd6 20. Nf5 Rd7 21. Qg4
Nc4 22. Re1 Bc8 23. Qh4 f6 24. Nxh7 Rxh7 25. Qxf6 Qa6 26. Qxd8 gxf5 27. exf5 Bb7
28. Rxe5 Qc6 29. f3 Rg7 30. Re4 Qd7 31. Qxd7 Rxd7 32. Re5 Bd5 33. Re8 Kf7 34.
Rb8 Bc5+ 35. Kf1 Nd2+ 36. Bxd2 Bxb3 37. Bg5 Rd1+ 38. Ke2 Rb1 39. g4 Rxb2+ 40.
Bd2 Bc4+ 41. Kd1 Bd3 42. Rd8 Bd6 43. Ke1 Bg3+ 44. Kd1 Rb1+ 45. Bc1 Bxf5 46. gxf5
Bf4 47. Rd2 Bxd2 48. Kxd2 Ra1 49. Kc2 Ra2+ 50. Kb3 Rf2 51. f4 c5 52. Be3 c4+ 53.
Kb4 Rb2+ 54. Kc5 Kf6 55. Bd4+ Kxf5 56. Be5 Ke4 57. h4 Kd3 58. h5 Rh2 59. Kxb5
Rxh5 60. Kc5 Rh1 61. Kd5 Rf1 62. Kc5 Ra1 63. Kb5 Rb1+ 64. Kc5 Ra1 65. Kb5 Rf1
66. Kc5 Rf2 67. Kb5 Ra2 68. Bd4 Rh2 69. Kc5 Rh4 70. Be5 Rxf4 71. Kd5 1/2-1/2

[Event "21st European Teams Women"]
[Site "Hersonissos GRE"]
[Date "2017.11.01"]
[Round "5.4"]
[Board "3"]
[White "Ushenina, Anna"]
[Black "Skripchenko, Almira"]
[Result "1-0"]
[WhiteTitle "GM"]
[BlackTitle "IM"]
[WhiteElo "2445"]
[BlackElo "2399"]
[WhiteTeam "Ukraine"]
[BlackTeam "France"]
[WhiteFideId "14110911"]
[BlackFideId "13900145"]
[EventDate "2017.10.28"]

1. d4 e6 2. Nf3 Nf6 3. Bf4 c5 4. e3 Nd5 5. Bg3 Qb6 6. Qc1 cxd4 7. exd4 Nc6 8. c3
f5 9. h3 Be7 10. Nbd2 O-O 11. Bd3 d6 12. O-O Bd7 13. Re1 Rac8 14. Bc4 Qd8 15. a4
f4 16. Bh2 Nc7 17. b4 g5 18. Qc2 Rf7 19. Nb3 Qf8 20. b5 Nd8 21. Nfd2 Nd5 22. Nc1
Nf6 23. Be2 Rg7 24. Nd3 b6 25. c4 Nb7 26. Rac1 d5 27. Qa2 dxc4 28. Rxc4 Nd5 29.
Bg4 Rxc4 30. Nxc4 Nd8 31. Nce5 Bb4 32. Rc1 Qd6 33. Qb3 Be8 34. Kh1 h5 35. Bf3
Ba5 36. Nc4 Qd7 37. Nxa5 bxa5 38. Ne5 Qd6 39. h4 Nb6 40. hxg5 Qxd4 41. Nc6 Nxc6
42. Qxe6+ Bf7 43. Qxc6 Rxg5 44. Rd1 Qxa4 45. Rd8+ Kg7 46. Qc3+ Kg6 47. Bd1 Qxb5
48. Bc2+ Rf5 49. Bxf4 Be6 50. Rf8 Nd7 51. Bxf5+ Bxf5 52. Rg8+ Kf7 53. Rg5 Qd5
54. Qg7+ Ke8 55. Qh8+ Ke7 56. Rg7+ Ke6 57. Qe8+ Kf6 58. Qe7# 1-0

[Event "21st European Teams Women"]
[Site "Hersonissos GRE"]
[Date "2017.11.01"]
[Round "5.4"]
[Board "4"]
[White "Guichard, Pauline"]
[Black "Osmak, Iulija"]
[Result "0-1"]
[WhiteTitle "WGM"]
[BlackTitle "IM"]
[WhiteElo "2285"]
[BlackElo "2339"]
[WhiteTeam "France"]
[BlackTeam "Ukraine"]
[WhiteFideId "639370"]
[BlackFideId "14101602"]
[EventDate "2017.10.28"]

1. d4 d5 2. Nf3 Nf6 3. Bf4 c5 4. e3 Nc6 5. Nbd2 Qb6 6. dxc5 Qxb2 7. Rb1 Qc3 8.
Bb5 Qxc5 9. c4 e6 10. O-O Bd7 11. Ba4 b6 12. Qe2 Be7 13. cxd5 Nxd5 14. Rfc1 Nc3
15. Qd3 Nxa4 16. Rxc5 Nxc5 17. Qc2 O-O 18. h4 Rac8 19. Nc4 f6 20. Bd6 e5 21.
Nfd2 Be6 22. Rd1 Rfd8 23. Bxc5 Bxc5 24. Qa4 Kf8 25. h5 Ke7 26. Qc2 Nb4 27. Qe4
Rd7 28. Rb1 b5 29. Qxh7 bxc4 30. Qxg7+ Bf7 31. Nxc4 Rg8 32. Qh7 Ke8 33. Qf5 Bxc4
34. Rc1 Rg5 35. Qxf6 Rxh5 36. g4 Be7 37. Qg6+ Bf7 38. Rc8+ Bd8 39. Qb1 Rg5 40.
Qxb4 Be6 41. Qb5 Bxg4 42. Kf1 Kf7 43. Rc1 Rh5 44. Qc6 Rg5 45. a4 Be7 46. a5 Rd2
47. Rb1 Ra2 48. Ke1 Be6 49. Qh1 Kg7 50. Qh2 Bd5 51. Rb8 Ra1+ 52. Kd2 Rh1 53.
Qxh1 Bxh1 54. a6 Rg6 55. Rb7 Bxb7 0-1

[Event "21st European Teams Women"]
[Site "Hersonissos GRE"]
[Date "2017.11.01"]
[Round "5.5"]
[Board "1"]
[White "Atalik, Ekaterina"]
[Black "Unuk, Laura"]
[Result "1-0"]
[WhiteTitle "IM"]
[BlackTitle "WIM"]
[WhiteElo "2468"]
[BlackElo "2363"]
[WhiteTeam "Turkey"]
[BlackTeam "Slovenia"]
[WhiteFideId "4130189"]
[BlackFideId "14609215"]
[EventDate "2017.10.28"]

1. d4 Nf6 2. Nf3 e6 3. c4 d5 4. Nc3 Be7 5. Bf4 O-O 6. e3 c5 7. dxc5 Bxc5 8. cxd5
Nxd5 9. Nxd5 exd5 10. Bd3 Bb4+ 11. Nd2 Nc6 12. O-O d4 13. e4 Re8 14. a3 Bd6 15.
Bxd6 Qxd6 16. f4 Qh6 17. Qf3 Be6 18. Qf2 Rad8 19. Rac1 Bc8 20. b4 a6 21. Rc5 b6
22. Rc2 Bb7 23. Rfc1 Kf8 24. Bxa6 Nxb4 25. Bxb7 Nxc2 26. Rxc2 Qh5 27. Qf3 Qa5
28. Qd3 Re7 29. Bd5 b5 30. Kf2 Rc7 31. Rxc7 Qxc7 32. Qxd4 Qxf4+ 33. Nf3 Qd6 34.
Qb4 f5 35. Ke3 Ke7 36. Nd4 f4+ 37. Kf3 Qxb4 38. axb4 Kf6 39. Kxf4 g5+ 40. Ke3
Rb8 41. Nc6 Ra8 42. e5+ Kg7 43. e6 Kf8 44. e7+ Ke8 45. Bf3 1-0

[Event "21st European Teams Women"]
[Site "Hersonissos GRE"]
[Date "2017.11.01"]
[Round "5.5"]
[Board "4"]
[White "Janzelj, Lara"]
[Black "Arda, Cagil Irmak"]
[Result "1-0"]
[WhiteTitle "WFM"]
[BlackTitle "WFM"]
[WhiteElo "2192"]
[BlackElo "2040"]
[WhiteTeam "Slovenia"]
[BlackTeam "Turkey"]
[WhiteFideId "14608391"]
[BlackFideId "6351700"]
[EventDate "2017.10.28"]

1. d4 Nf6 2. c4 e6 3. Nf3 b6 4. a3 Bb7 5. Nc3 d5 6. cxd5 Nxd5 7. Qc2 c5 8. e4
Nxc3 9. bxc3 Nd7 10. Bd3 Qc7 11. O-O cxd4 12. cxd4 Qxc2 13. Bxc2 Bd6 14. Re1 O-O
15. Ba4 Rfd8 16. Bg5 f6 17. Bh4 Nf8 18. Bb3 g5 19. Nxg5 fxg5 20. Bxg5 Re8 21.
Ba4 Rec8 22. e5 Bc7 23. Bh6 Bd5 24. Re3 Ng6 25. f4 b5 26. Bxb5 Bb6 27. Rd1 Rc2
28. Rg3 Kf7 29. h4 Rg8 30. Bd3 Bxd4+ 31. Kh2 Rc3 32. Bg5 h6 33. Bxg6+ Rxg6 34.
Rxd4 Rxg3 35. Kxg3 hxg5 36. fxg5 Rg7 37. Rd2 Kg8 38. Kg4 Rc7 39. g6 Rc4+ 40. Kg5
Re4 41. Rc2 Rc4 42. Rxc4 Bxc4 43. h5 Bb5 44. Kf6 a5 45. h6 Be8 46. g7 Bh5 47.
Kxe6 Bf7+ 48. Kf6 a4 49. h7+ 1-0

[Event "21st European Teams Women"]
[Site "Hersonissos GRE"]
[Date "2017.11.01"]
[Round "5.6"]
[Board "1"]
[White "Bulmaga, Irina"]
[Black "Paehtz, Elisabeth"]
[Result "0-1"]
[WhiteTitle "IM"]
[BlackTitle "IM"]
[WhiteElo "2423"]
[BlackElo "2453"]
[WhiteTeam "Romania"]
[BlackTeam "Germany"]
[WhiteFideId "13903063"]
[BlackFideId "4641833"]
[EventDate "2017.10.28"]

1. e4 e6 2. d4 d5 3. Nc3 Nf6 4. e5 Nfd7 5. f4 c5 6. Nf3 Be7 7. Be3 b6 8. Qd2 O-O
9. h4 Nc6 10. Bb5 cxd4 11. Bxc6 dxe3 12. Qxe3 Rb8 13. O-O-O b5 14. f5 b4 15. Ne2
Bc5 16. Ned4 exf5 17. Bxd5 Nb6 18. Bb3 a5 19. e6 Bxe6 20. Bxe6 fxe6 21. Qxe6+
Kh8 22. Nb3 Qc7 23. Nxc5 Qxc5 24. Ne5 Rbc8 25. Kb1 Rf6 26. Nf7+ Rxf7 27. Qxf7
Qxc2+ 28. Ka1 Nc4 29. Rb1 Na3 30. bxa3 Qc3+ 31. Rb2 bxa3 32. Qb3 axb2+ 33. Qxb2
g6 34. Rh3 Qxb2+ 35. Kxb2 Rc4 36. h5 Kg7 37. hxg6 hxg6 38. Rd3 Rg4 39. Rd2 Kh6
40. Kc2 Kg5 41. Kd1 Kf4 42. Ke1 Ke3 43. Re2+ Kd3 44. Rf2 a4 45. Kf1 Kc3 46. Ke2
Rb4 47. Ke3 a3 48. g3 Re4+ 49. Kf3 Rd4 50. Ke3 Rd3+ 51. Kf4 Rd2 52. Rf3+ Kb2 53.
Rb3+ Kxa2 54. Rb6 Rd4+ 55. Kf3 Rd3+ 56. Kf4 Rb3 57. Rxg6 Kb2 58. Rh6 a2 59. Rh2+
Ka3 60. Rh1 Rb1 61. Rh8 Rb4+ 0-1

[Event "21st European Teams Women"]
[Site "Hersonissos GRE"]
[Date "2017.11.01"]
[Round "5.6"]
[Board "2"]
[White "Heinemann, Josefine"]
[Black "Peptan, Corina-Isabela"]
[Result "0-1"]
[WhiteTitle "WIM"]
[BlackTitle "IM"]
[WhiteElo "2269"]
[BlackElo "2399"]
[WhiteTeam "Germany"]
[BlackTeam "Romania"]
[WhiteFideId "12900460"]
[BlackFideId "1201930"]
[EventDate "2017.10.28"]

1. e4 c5 2. Nf3 e6 3. d4 cxd4 4. Nxd4 a6 5. Bd3 Nf6 6. O-O d6 7. f4 g6 8. Qe2
Bg7 9. Nf3 O-O 10. c4 Nc6 11. Nc3 Re8 12. Kh1 Qc7 13. Be3 b6 14. Rac1 Bb7 15.
Bb1 Rac8 16. Rfd1 Nb8 17. b3 Nbd7 18. Qd2 Bf8 19. Bd4 Qb8 20. Rf1 e5 21. fxe5
dxe5 22. Be3 Bg7 23. Bh6 Re7 24. Bxg7 Kxg7 25. Nh4 h6 26. Rf3 Nh5 27. Rcf1 Rf8
28. Rd3 Nc5 29. Rd6 Re6 30. Rxe6 Nxe6 31. Nd5 Qd8 32. g3 b5 33. Qf2 Ng5 34. Nf3
Nxf3 35. Qxf3 bxc4 36. bxc4 Qg5 37. Bd3 Bc8 38. c5 Bh3 39. Rb1 Rc8 40. Qf2 a5
41. Ba6 Qg4 42. Kg1 Rxc5 43. Bd3 Rc6 44. Qe3 Nf6 45. Nxf6 Rxf6 46. Be2 Qe6 47.
Re1 h5 48. a3 Qb6 49. Qxb6 Rxb6 50. Rc1 Rb2 51. Bf1 Bxf1 52. Kxf1 Rxh2 53. Rc5
Kf6 54. Rxa5 h4 55. gxh4 Rxh4 56. Ra4 Kg5 57. Ke2 Kf4 58. Ra6 f5 59. exf5 gxf5
60. a4 e4 61. a5 Rh2+ 62. Kd1 Kf3 63. Ra8 e3 64. a6 Rh1+ 65. Kc2 e2 0-1

[Event "21st European Teams Women"]
[Site "Hersonissos GRE"]
[Date "2017.11.01"]
[Round "5.6"]
[Board "3"]
[White "Cosma, Elena-Luminita"]
[Black "Hoolt, Sarah"]
[Result "1-0"]
[WhiteTitle "WGM"]
[BlackTitle "WGM"]
[WhiteElo "2333"]
[BlackElo "2423"]
[WhiteTeam "Romania"]
[BlackTeam "Germany"]
[WhiteFideId "1201590"]
[BlackFideId "24606812"]
[EventDate "2017.10.28"]

1. d4 Nf6 2. Nf3 e6 3. g3 c5 4. Bg2 cxd4 5. O-O d5 6. Nxd4 e5 7. Nb3 Be6 8. c4
Nc6 9. cxd5 Nxd5 10. N1d2 Be7 11. Ne4 b6 12. Nc3 Ndb4 13. a3 Qxd1 14. Rxd1 Bxb3
15. axb4 Rc8 16. Bh3 Bxd1 17. Bxc8 Bb3 18. Bb7 Kd7 19. b5 Na5 20. Bd5 Bc2 21.
Bxf7 Rf8 22. Bd5 Bc5 23. Be3 Bxe3 24. fxe3 Rc8 25. e4 Rc7 26. Ra3 Kd6 27. Kf2
Kc5 28. Ke1 Rd7 29. Na2 Rxd5 30. b4+ Kd4 31. exd5 Nc4 32. Rxa7 Kxd5 33. Rxg7 Kd4
34. Rd7+ Ke3 35. Nc3 Na3 36. Nd5+ 1-0

[Event "21st European Teams Women"]
[Site "Hersonissos GRE"]
[Date "2017.11.01"]
[Round "5.6"]
[Board "4"]
[White "Levushkina, Elena"]
[Black "L'Ami, Alina"]
[Result "1/2-1/2"]
[WhiteTitle "WGM"]
[BlackTitle "IM"]
[WhiteElo "2309"]
[BlackElo "2286"]
[WhiteTeam "Germany"]
[BlackTeam "Romania"]
[WhiteFideId "14200686"]
[BlackFideId "1210246"]
[EventDate "2017.10.28"]

1. e4 c5 2. c3 Nf6 3. e5 Nd5 4. Nf3 d6 5. d4 cxd4 6. cxd4 Nc6 7. Bc4 dxe5 8.
Nxe5 e6 9. O-O Be7 10. Nf3 b6 11. Nc3 Nxc3 12. bxc3 Bb7 13. Re1 O-O 14. Bd3 Re8
15. Bf4 Rc8 16. Rc1 Bf6 17. Bg3 Ne7 18. Ne5 Ng6 19. Qh5 Bxe5 20. Bxe5 f5 21. Bf1
Be4 22. Ba6 Nxe5 23. Bxc8 Nd3 24. Ba6 Nxc1 25. Rxc1 g6 26. Qe2 Qg5 27. f4 Qxf4
28. Re1 Qd6 29. Qb2 e5 30. Rd1 Rd8 31. h4 Qe7 32. h5 gxh5 33. Qe2 exd4 34. cxd4
Qg7 35. Qf2 Kh8 36. Bf1 h6 37. Rd2 Kh7 38. Bc4 h4 39. Be6 Qf6 40. d5 Qa1+ 41.
Kh2 Qe5+ 42. Kg1 h3 43. gxh3 Rf8 44. Kf1 Qa1+ 45. Ke2 Qe5 46. Kf1 Qc3 47. h4
Qc1+ 48. Ke2 Qc4+ 49. Ke1 Bd3 50. Qg3 Be4 51. Qd6 Qc5 52. Qg3 f4 53. Qf2 Qc1+
54. Rd1 Qc3+ 55. Qd2 Qg3+ 56. Qf2 Re8 57. Qxg3 fxg3 58. Kf1 g2+ 59. Kg1 Kg6 60.
Rd4 Bf5 61. Bxf5+ Kxf5 62. Kxg2 Ke5 63. Rd3 Rd8 64. Re3+ Kf5 65. Re7 Rxd5 66.
Rxa7 Kg4 67. Ra4+ Kh5 68. Rb4 Rd2+ 69. Kg3 Rxa2 1/2-1/2

[Event "21st European Teams Women"]
[Site "Hersonissos GRE"]
[Date "2017.11.01"]
[Round "5.7"]
[Board "1"]
[White "Shvayger, Yuliya"]
[Black "Mamedjarova, Zeinab"]
[Result "0-1"]
[WhiteTitle "WGM"]
[BlackTitle "WGM"]
[WhiteElo "2442"]
[BlackElo "2298"]
[WhiteTeam "Israel"]
[BlackTeam "Azerbaijan"]
[WhiteFideId "14100126"]
[BlackFideId "13401521"]
[EventDate "2017.10.28"]

1. e4 e5 2. Nf3 d6 3. d4 Nd7 4. Nc3 Ngf6 5. Bc4 Be7 6. O-O O-O 7. Re1 c6 8. a4
Qc7 9. h3 exd4 10. Nxd4 Nc5 11. Bf4 Nfd7 12. b4 Ne5 13. bxc5 Nxc4 14. Qe2 Ne5
15. Nf5 dxc5 16. Qe3 Bf6 17. Qg3 Kh8 18. Kh1 g6 19. Bg5 Bxg5 20. Qxg5 f6 21. Qh6
Be6 22. Ne3 Nf7 23. Qh4 Qe5 24. Ra3 Qg5 25. Qxg5 fxg5 26. Rb1 b6 27. f3 Rad8 28.
Ncd1 Ne5 29. Rc3 Rd2 30. a5 Bxh3 31. Kg1 Rxf3 32. Rd3 Nxd3 33. cxd3 Rxe3 34.
Nxe3 Rxd3 35. Kf2 Be6 36. axb6 axb6 37. Rxb6 Bd7 38. Nc4 Be6 39. Ne3 Rd2+ 40.
Kf3 Bd7 41. Rb7 Kg8 42. Nc4 Rd3+ 43. Kf2 Be6 44. Ne3 Rd7 45. Rb6 Rc7 46. Rb2 Kf7
47. Rc2 c4 48. Nxc4 Bxc4 49. Rxc4 c5 50. Kf3 Ke6 51. Ke3 Kd6 52. Ra4 Rb7 53. Ra3
Rb2 54. Rd3+ Kc6 55. g3 c4 56. Rd8 Rb3+ 57. Kf2 Kc5 58. Rd7 g4 59. Rxh7 Kd4 60.
Rd7+ Kxe4 61. Re7+ Kd3 62. Rd7+ Kc2 63. Rd4 c3 64. Ke2 Kb1 65. Rc4 c2 66. Kd2
Rb2 0-1

[Event "21st European Teams Women"]
[Site "Hersonissos GRE"]
[Date "2017.11.01"]
[Round "5.7"]
[Board "2"]
[White "Fataliyeva, Ulviyya"]
[Black "Efroimski, Marsel"]
[Result "1/2-1/2"]
[WhiteTitle "WIM"]
[BlackTitle "WGM"]
[WhiteElo "2348"]
[BlackElo "2329"]
[WhiteTeam "Azerbaijan"]
[BlackTeam "Israel"]
[WhiteFideId "13403052"]
[BlackFideId "2810964"]
[EventDate "2017.10.28"]

1. e4 c5 2. Nf3 d6 3. d4 cxd4 4. Nxd4 Nf6 5. Nc3 Nc6 6. Bg5 e6 7. Qd2 Be7 8.
O-O-O O-O 9. f4 Bd7 10. Ndb5 d5 11. exd5 Nxd5 12. Nxd5 exd5 13. Qxd5 Bg4 14.
Qxd8 Bxd8 15. Re1 Ba5 16. c3 h6 17. Bh4 a6 18. Na3 b5 19. Bd3 Be6 20. b4 Bc7 21.
Rhf1 Bd5 22. Be4 Bxe4 23. Rxe4 Rfe8 24. Rxe8+ Rxe8 25. Kd2 Re4 26. Bg3 Ne7 27.
Nc2 Nd5 28. f5 Bd8 29. Re1 Bg5+ 30. Kd3 Rc4 31. Re8+ Kh7 32. Be5 f6 33. Bd4 Nf4+
34. Ke4 Ne2 35. h4 Bc1 36. Kd3 Nf4+ 37. Ke4 Ne2 38. Kd3 Nf4+ 39. Ke4 Ne2 40. Kd3
Nf4+ 41. Ke4 1/2-1/2

[Event "21st European Teams Women"]
[Site "Hersonissos GRE"]
[Date "2017.11.01"]
[Round "5.7"]
[Board "3"]
[White "Klinova, Masha"]
[Black "Mammadova, Gulnar"]
[Result "1/2-1/2"]
[WhiteTitle "IM"]
[BlackTitle "IM"]
[WhiteElo "2289"]
[BlackElo "2385"]
[WhiteTeam "Israel"]
[BlackTeam "Azerbaijan"]
[WhiteFideId "2802015"]
[BlackFideId "13403508"]
[EventDate "2017.10.28"]

1. e4 e6 2. Nf3 d5 3. Nc3 d4 4. Ne2 c5 5. Ng3 a6 6. a4 Nc6 7. Bc4 Bd6 8. d3 Nf6
9. O-O O-O 10. c3 Rb8 11. cxd4 cxd4 12. Bd2 b5 13. axb5 axb5 14. Ba2 Nd7 15. Qe2
b4 16. Bc4 Qb6 17. b3 Nce5 18. Nxe5 Nxe5 19. Kh1 Nxc4 20. dxc4 e5 21. Ra2 Bc5
22. Qd3 Bb7 23. Rfa1 Ra8 24. Kg1 Rxa2 25. Rxa2 Bc6 26. f3 Qb7 27. Ra5 Qb6 28.
Ra1 Qb7 29. Ra5 Qb6 30. Ra1 Qb7 31. Ra5 1/2-1/2

[Event "21st European Teams Women"]
[Site "Hersonissos GRE"]
[Date "2017.11.01"]
[Round "5.7"]
[Board "4"]
[White "Balajayeva, Khanim"]
[Black "Gutmakher, Olga"]
[Result "1/2-1/2"]
[WhiteTitle "WFM"]
[BlackTitle "WIM"]
[WhiteElo "2319"]
[BlackElo "2226"]
[WhiteTeam "Azerbaijan"]
[BlackTeam "Israel"]
[WhiteFideId "13406396"]
[BlackFideId "2807602"]
[EventDate "2017.10.28"]

1. e4 c5 2. c3 Nf6 3. e5 Nd5 4. d4 cxd4 5. Nf3 Nc6 6. cxd4 d6 7. Bc4 Nb6 8. Bb5
dxe5 9. Nxe5 Bd7 10. Nxd7 Qxd7 11. Nc3 e6 12. O-O Rc8 13. Re1 Be7 14. Qg4 O-O
15. Bxc6 Rxc6 16. Bh6 Bf6 17. Rad1 e5 18. Qxd7 Nxd7 19. Be3 exd4 20. Bxd4 Bxd4
21. Rxd4 Nf6 22. f3 h6 23. Kf2 Rfc8 24. Re2 a6 25. Nd5 Nxd5 26. Rxd5 Rb6 27. Rd7
Rcc6 28. b3 Rc8 29. g4 g5 30. Red2 Kg7 31. Kg3 Rc3 32. R2d3 Rc2 1/2-1/2

[Event "21st European Teams Women"]
[Site "Hersonissos GRE"]
[Date "2017.11.01"]
[Round "5.8"]
[Board "1"]
[White "Ziaziulkina, Nastassia"]
[Black "Haast, Anne"]
[Result "1-0"]
[WhiteTitle "IM"]
[BlackTitle "WGM"]
[WhiteElo "2369"]
[BlackElo "2288"]
[WhiteTeam "Belarus"]
[BlackTeam "Netherlands"]
[WhiteFideId "13505211"]
[BlackFideId "1017292"]
[EventDate "2017.10.28"]

1. e4 e5 2. Nf3 Nc6 3. Bb5 a6 4. Ba4 Nf6 5. O-O Be7 6. Re1 b5 7. Bb3 d6 8. c3
O-O 9. d4 Bg4 10. Be3 Bd7 11. Nbd2 Ng4 12. Bd5 Rb8 13. a3 Nxe3 14. Rxe3 Bf6 15.
Nf1 Qe7 16. Rd3 Rfd8 17. Ne3 Na7 18. dxe5 dxe5 19. Qd2 c6 20. Rd1 Be8 21. Ba2
Rxd3 22. Qxd3 Rb7 23. Nf5 Qf8 24. Qe3 Nc8 25. g4 g6 26. g5 Be7 27. Nh6+ Kg7 28.
Nxe5 Bxg5 29. Qxg5 f6 30. Nf5+ Kh8 31. Qh6 Qxh6 32. Nxh6 Kg7 33. Rd8 fxe5 34.
Rxe8 Nd6 35. Rd8 Nxe4 36. Ng4 1-0

[Event "21st European Teams Women"]
[Site "Hersonissos GRE"]
[Date "2017.11.01"]
[Round "5.8"]
[Board "2"]
[White "Lanchava, Tea"]
[Black "Badelka, Olga"]
[Result "0-1"]
[WhiteTitle "IM"]
[BlackTitle "WIM"]
[WhiteElo "2314"]
[BlackElo "2353"]
[WhiteTeam "Netherlands"]
[BlackTeam "Belarus"]
[WhiteFideId "1005308"]
[BlackFideId "13509926"]
[EventDate "2017.10.28"]

1. c4 c5 2. Nf3 Nc6 3. Nc3 g6 4. g3 Bg7 5. Bg2 e6 6. e4 Nge7 7. O-O O-O 8. d3 d6
9. Be3 Nd4 10. Rb1 a6 11. Qd2 b5 12. Bh6 Rb8 13. Nh4 b4 14. Nd1 f5 15. Bg5 Bb7
16. Re1 Qd7 17. Ne3 Nec6 18. Nf1 Ne5 19. Bf4 fxe4 20. Bxe5 dxe5 21. dxe4 Qd8 22.
Qd1 Qf6 23. Ne3 Qxf2+ 24. Kh1 g5 25. Ng4 Qc2 26. Qxc2 Nxc2 27. Nf3 Nxe1 28. Rxe1
h5 29. Ne3 g4 30. Nd2 Rf2 31. Nb3 Rxb2 32. Nxc5 Rxa2 33. Rd1 Bc6 34. Nd5 exd5
35. exd5 Ba4 36. Nxa4 Rxa4 37. d6 b3 38. d7 Bf6 0-1

[Event "21st European Teams Women"]
[Site "Hersonissos GRE"]
[Date "2017.11.01"]
[Round "5.8"]
[Board "3"]
[White "Stetsko, Lanita"]
[Black "Paulet, Iozefina"]
[Result "0-1"]
[WhiteTitle "FM"]
[BlackTitle "WGM"]
[WhiteElo "2254"]
[BlackElo "2281"]
[WhiteTeam "Belarus"]
[BlackTeam "Netherlands"]
[WhiteFideId "13505300"]
[BlackFideId "1213261"]
[EventDate "2017.10.28"]

1. e4 e6 2. d4 d5 3. Nc3 Nf6 4. Bg5 Bb4 5. e5 h6 6. Bd2 Bxc3 7. bxc3 Ne4 8. Qg4
g6 9. Bd3 Nxd2 10. Kxd2 c5 11. h4 Nc6 12. Nf3 Qc7 13. Qf4 f5 14. g4 c4 15. Be2
fxg4 16. Qxg4 Qf7 17. Ne1 Bd7 18. Ng2 O-O-O 19. f4 Rhg8 20. Ne3 h5 21. Qf3 Rdf8
22. Raf1 Nd8 23. Rhg1 Qe7 24. Qh3 Kb8 25. Rg3 Be8 26. Qh1 Rh8 27. Rg5 Rh7 28.
Qh2 Qa3 29. Rgg1 Nc6 30. Qg3 Qa5 31. f5 gxf5 32. Qf4 Ne7 33. Ng2 Qd8 34. Qe3 Ng6
35. Nf4 Nxf4 36. Qxf4 Bf7 37. Rg5 Qa5 38. Rfg1 Qxa2 39. Rg7 Rxg7 40. Rxg7 Qa4
41. Rh7 Qe8 42. Qh6 a5 43. Qg7 Qc8 44. Bxh5 Bxh5 45. Rxh5 Rg8 46. Qe7 Qe8 47.
Qd6+ Ka8 48. Rg5 f4 49. Ke1 f3 50. Kf2 Rh8 51. h5 Qa4 52. Kxf3 Qxc2 53. Qa3 Qd1+
54. Kg3 Qg1+ 55. Kh4 Qf2+ 56. Kg4 Rf8 57. Qxf8+ Qxf8 58. Rg6 Qf5+ 59. Kh4 a4 0-1

[Event "21st European Teams Women"]
[Site "Hersonissos GRE"]
[Date "2017.11.01"]
[Round "5.8"]
[Board "4"]
[White "Kazarian, Anna-Maja"]
[Black "Ilyuchyk, Yana"]
[Result "0-1"]
[WhiteTitle "FM"]
[WhiteElo "2191"]
[BlackElo "1992"]
[WhiteTeam "Netherlands"]
[BlackTeam "Belarus"]
[WhiteFideId "1033689"]
[BlackFideId "13508407"]
[EventDate "2017.10.28"]

1. e4 c5 2. Nf3 Nc6 3. d4 cxd4 4. Nxd4 Nf6 5. Nc3 e5 6. Ndb5 d6 7. Bg5 a6 8. Na3
b5 9. Nd5 Be7 10. Bxf6 Bxf6 11. c4 b4 12. Nc2 a5 13. g3 O-O 14. h4 Rb8 15. b3
Be6 16. Nxf6+ Qxf6 17. Bg2 Rbd8 18. Qf3 Qg6 19. Bh3 Bxh3 20. Rxh3 f5 21. exf5
Qxf5 22. Qxf5 Rxf5 23. Rd1 Rf3 24. Kf1 Rdf8 25. Rd2 e4 26. Ne1 Rc3 27. Kg2 Ne5
28. Re2 Ng4 29. Rh1 a4 30. Rf1 axb3 31. axb3 Re8 32. Nc2 Rxb3 33. Nd4 Rd3 34.
Nb5 e3 35. Rfe1 Kf8 36. fxe3 Rexe3 37. Rxe3 Nxe3+ 38. Kh3 Nxc4 39. Nc7 b3 40.
Ne6+ Kg8 41. Rf1 h5 42. Rf8+ Kh7 43. Rf5 b2 44. Rxh5+ Kg8 45. Rb5 Rd1 46. Rb8+
Kf7 47. Ng5+ Kg6 48. Re8 b1=Q 49. Re6+ Kf5 50. g4+ Kf4 0-1